000
00303nam a22001337a 4500
020
_a
8174351426
082
_a
297.4 STO
100
_a
Stoddart W
_a
R.A. Nicholson
245
_a
Sufism
260
_a
New Delhi
_b
Adam Publishers & Distributors
_c
2011
300
_a
165 P
650
_a
Sufism
942
_c
BK
999
_c
19815
_d
19815